| 000 | 00560nam a2200241Ia 4500 | ||
|---|---|---|---|
| 003 | IT-RoPAU | ||
| 008 | 120407s9999 xx 000 0 und d | ||
| 040 | _aIT-RoPAU | ||
| 040 | _cIT-RoPAU | ||
| 041 | _aita | ||
| 100 | _aDomenico Agasso | ||
| 245 | _aMichele Pellegrino uomo di cultura, cardinale audace, voce dei senza nome. | ||
| 250 | _aMilano | ||
| 260 | _aEdizioni Paoline | ||
| 260 | _c1988 | ||
| 300 | _a165 p. | ||
| 300 | _c21 cm | ||
| 490 | _aUomini e donne | ||
| 490 | _v91 | ||
| 700 | _aRenzo Agasso | ||
| 942 | _cBK | ||
| 999 |
_c26770 _d26770 |
||